Justin Bieber - Paroles What Do You Mean? - Statistiques

Statistiques générales
  • Ce quiz a été pris 19 fois
  • Le résultat moyen est 325 sur 451
Statistiques - réponses
Hint Réponse % Correct
a
100%
ah,
100%
ah)
100%
Oh,
100%
Oh,
100%
do
100%
me
100%
mean?
100%
mean?)
100%
Oh,
100%
oh
100%
oh,
100%
(Oh,
100%
ooh)
100%
(Ooh)
100%
Refrain What
100%
what
100%
When
100%
when
100%
you
100%
You
100%
no
94%
say
94%
win
94%
your
94%
but
88%
yeah
88%
(Yeah,
88%
yeah,
88%
yeah)
88%
I
81%
(I
81%
to
81%
want
81%
yes,
81%
go
75%
the
75%
be
63%
(Be
63%
love
63%
wanna
63%
Wanna
63%
head
56%
can’t
50%
don't
50%
Don't
50%
(Don't,
50%
if
50%
know
50%
know,
50%
left,
50%
make
50%
mind,
50%
mind
50%
right
50%
(Right)
50%
right)
50%
all
44%
(all
44%
argue
44%
beat,
44%
night
44%
night)
44%
nod
44%
of
44%
Said
44%
so
44%
tell
44%
time,
44%
turn
44%
(turn
44%
up
44%
up,
44%
between
38%
day,
38%
Couplet 1 | Couplet 2 You're
38%
I'm
38%
move,
38%
move
38%
then
38%
('Tween)
38%
you're
38%
you’re
38%
(You're
38%
and
31%
baby)
31%
baby,
31%
complainin'
31%
compromise,
31%
Pré-refrain First
31%
Pré-refrain First,
31%
down,
31%
First
31%
for
31%
happy
31%
heart
31%
makin'
31%
really
31%
sayin'
31%
had
25%
leavin'
25%
point,
25%
runnin'
25%
start?
25%
start,
25%
this
25%
Tryna
25%
won't
25%
Better
19%
catch
19%
end,
19%
end
19%
from
19%
Hey,
19%
(Hey),
19%
(Hey,
19%
indecisive
19%
keep
19%
let
19%
more
19%
or
19%
outta
19%
overprotective
19%
preachin'
19%
us
19%
where
19%
confusin',
13%
straightforward)
13%
selfish,
0%
Aucun quiz correspondant
Distribution des résultats
% des personnes avec chaque résultat
Percentile par nombre de réponses
Votre historique - résultats
Vous n’avez pas pris ce quiz